00438nam a2200181Ia 4500008004100000020001800041050001600059100001900075245001600094245003800110245002200148260001500170260001600185260000900201300001600210300002000226300001000246170918s9999 xx 000 0 und d a9780545912327 bM672so 2015 aMiranda, Megan aSoulprint : breincarnation isn't clean slate / cby Megan Miranda. aNew York : bScholastic, c2015 a356 pgaes : billustrations ; c21cm.